Tony Hunt's Second Sketchbook (Record no. 11260)
[ view plain ]
| 000 -LEADER | |
|---|---|
| fixed length control field | 00200 a2200085 4500 |
| 020 ## - INTERNATIONAL STANDARD BOOK NUMBER | |
| International Standard Book Number | 978-0750658966 |
| 100 ## - MAIN ENTRY--PERSONAL NAME | |
| Personal name | Tony Hunt |
| 245 ## - TITLE STATEMENT | |
| Title | Tony Hunt's Second Sketchbook |
| 260 ## - PUBLICATION, DISTRIBUTION, ETC. | |
| Name of publisher, distributor, etc. | Architectural Press |
| Date of publication, distribution, etc. | 2003 |
| Withdrawn status | Lost status | Source of classification or shelving scheme | Damaged status | Not for loan | Permanent Location | Current Location | Date acquired | Source of acquisition | Cost, normal purchase price | Barcode | Date last seen | Cost, replacement price | Price effective from | Koha item type |
|---|---|---|---|---|---|---|---|---|---|---|---|---|---|---|
| BMS College of Architecture, Design and Planning | BMS College of Architecture, Design and Planning | 2023-03-07 | 10 | 3415.58 | AR-UG2930 | 2023-03-07 | 4879.40 | 2023-03-07 | UG Books |